000 00324nam a22001337a 4500
008 170622b xxu||||| |||| 00| 0 eng d
020 _a0842022686
041 _aeng
080 _a94
100 _a18
101 _aSHH
245 _aDECISIONS AT YALTA AN APPRAISAL OF SUMMIT DIPLOMACY
_cBUHITE.R.D
942 _2udc
_cBK
999 _c18670
_d18670